<?xml version="1.0" encoding="UTF-8"?>
<record
    xmlns:xsi="http://www.w3.org/2001/XMLSchema-instance"
    xsi:schemaLocation="http://www.loc.gov/MARC21/slim http://www.loc.gov/standards/marcxml/schema/MARC21slim.xsd"
    xmlns="http://www.loc.gov/MARC21/slim">

  <leader>00865nam a22002177a 4500</leader>
  <controlfield tag="005">20100818140620.0</controlfield>
  <datafield tag="010" ind1=" " ind2=" ">
    <subfield code="a">ENG-100856</subfield>
  </datafield>
  <datafield tag="020" ind1=" " ind2=" ">
    <subfield code="a">8181770242( vol II)</subfield>
    <subfield code="c">448.00</subfield>
  </datafield>
  <datafield tag="035" ind1=" " ind2=" ">
    <subfield code="a">EN-84389</subfield>
  </datafield>
  <datafield tag="037" ind1=" " ind2=" ">
    <subfield code="b">DBAD/PUB</subfield>
  </datafield>
  <datafield tag="082" ind1=" " ind2=" ">
    <subfield code="a">581.954</subfield>
  </datafield>
  <datafield tag="100" ind1=" " ind2=" ">
    <subfield code="a">Subba Rao, G V</subfield>
    <subfield code="9">14760</subfield>
  </datafield>
  <datafield tag="245" ind1=" " ind2=" ">
    <subfield code="a">Flora of Visakhapatnam district Andhra Pradesh volume II</subfield>
    <subfield code="c">by G V Subba rao [and] G R Kumari ; edited by P S N Rao</subfield>
  </datafield>
  <datafield tag="260" ind1=" " ind2=" ">
    <subfield code="a">Kolkata</subfield>
    <subfield code="b">Botanical Survey of India</subfield>
    <subfield code="c">2008</subfield>
  </datafield>
  <datafield tag="270" ind1=" " ind2=" ">
    <subfield code="a">C G O Complex 3rd M S O Building DF -Block Salt Lake City </subfield>
    <subfield code="b">Kolkata</subfield>
    <subfield code="e">700064</subfield>
  </datafield>
  <datafield tag="300" ind1=" " ind2=" ">
    <subfield code="a">V. 2.(536p)</subfield>
    <subfield code="c">24cm(Hb)</subfield>
  </datafield>
  <datafield tag="700" ind1=" " ind2=" ">
    <subfield code="a">G R Kumari</subfield>
    <subfield code="9">14761</subfield>
  </datafield>
  <datafield tag="700" ind1=" " ind2=" ">
    <subfield code="a">Rao P S N </subfield>
    <subfield code="9">14762</subfield>
  </datafield>
  <datafield tag="942" ind1=" " ind2=" ">
    <subfield code="2">ddc</subfield>
    <subfield code="c">EN</subfield>
    <subfield code="h">581.954</subfield>
    <subfield code="m">RAO</subfield>
  </datafield>
  <datafield tag="999" ind1=" " ind2=" ">
    <subfield code="c">42413</subfield>
    <subfield code="d">42413</subfield>
  </datafield>
  <datafield tag="952" ind1=" " ind2=" ">
    <subfield code="0">0</subfield>
    <subfield code="1">0</subfield>
    <subfield code="3">v2</subfield>
    <subfield code="4">0</subfield>
    <subfield code="7">1</subfield>
    <subfield code="8">NFIC</subfield>
    <subfield code="a">DBAD</subfield>
    <subfield code="b">DBAD</subfield>
    <subfield code="d">2010-08-18</subfield>
    <subfield code="e">DBAD/PUB</subfield>
    <subfield code="g">448.00</subfield>
    <subfield code="l">0</subfield>
    <subfield code="o">581.954 RAO</subfield>
    <subfield code="p">EN-84389</subfield>
    <subfield code="r">2010-08-18 00:00:00</subfield>
    <subfield code="t">1</subfield>
    <subfield code="v">448.00</subfield>
    <subfield code="w">2010-08-18</subfield>
    <subfield code="y">EN</subfield>
    <subfield code="z">v2</subfield>
  </datafield>
</record>
